Справедливость силы

التفاصيل البيبلوغرافية
المؤلف الرئيسي: Власов Ю. П. Юрий Петрович
الملخص:Исключено из фонда НТБ ТПУ
اللغة:الروسية
منشور في: Ленинград, Лениздат, 1989
الموضوعات:
التنسيق: كتاب
KOHA link:https://koha.lib.tpu.ru/cgi-bin/koha/opac-detail.pl?biblionumber=81332

MARC

LEADER 00000nam0a2200000 4500
001 81332
005 20250821100443.0
010 |a 5289003746 
035 |a (RuTPU)RU\TPU\book\87432 
090 |a 81332 
100 |a 20050920d1989 m y0rusy5003 ca 
101 0 |a rus 
102 |a RU 
105 |a y z 000zy 
200 1 |a Справедливость силы  |f Ю. П. Власов 
210 |a Ленинград  |c Лениздат  |d 1989 
215 |a 606,[2] с.  |d 22 см 
333 |a Исключено из фонда НТБ ТПУ 
610 1 |a проза 
610 1 |a спорт 
610 1 |a спортивная борьба 
610 1 |a автобиографии 
675 |a 796 
700 1 |a Власов  |b Ю. П.  |g Юрий Петрович 
801 0 |a RU  |b RuMRKP  |c 19950417  |g psbo 
801 1 |a RU  |b 63413507  |c 20050920  |g PSBO 
801 2 |a RU  |b 63413507  |c 20050920  |g PSBO 
942 |c BK